|
|
|
|
| LEADER |
00000cam a22000004a 4500 |
| 001 |
musev2_28623 |
| 003 |
MdBmJHUP |
| 005 |
20230905043030.0 |
| 006 |
m o d |
| 007 |
cr||||||||nn|n |
| 008 |
131118s2014 kyu o 00 0 eng d |
| 010 |
|
|
|z 2013045094
|
| 020 |
|
|
|a 9780813144962
|
| 020 |
|
|
|z 9780813165578
|
| 020 |
|
|
|z 9780813144955
|
| 020 |
|
|
|z 9780813144979
|
| 035 |
|
|
|a (OCoLC)870677436
|
| 040 |
|
|
|a MdBmJHUP
|c MdBmJHUP
|
| 100 |
1 |
|
|a Farley, Robert M.
|
| 245 |
1 |
0 |
|a Grounded :
|b The Case for Abolishing the United States Air Force /
|c Robert M. Farley.
|
| 264 |
|
1 |
|a Lexington, Kentucky :
|b University Press of Kentucky,
|c [2014]
|
| 264 |
|
3 |
|a Baltimore, Md. :
|b Project MUSE,
|c 2014
|
| 264 |
|
4 |
|c ©[2014]
|
| 300 |
|
|
|a 1 online resource (272 pages):
|b illustrations ;
|
| 336 |
|
|
|a text
|b txt
|2 rdacontent
|
| 337 |
|
|
|a computer
|b c
|2 rdamedia
|
| 338 |
|
|
|a online resource
|b cr
|2 rdacarrier
|
| 490 |
0 |
|
|a Studies in conflict, diplomacy, and peace
|
| 505 |
0 |
|
|a American airpower and the military services -- Air Force independence and Air Force culture -- Airpower, morality, and lawfare -- The struggle for the RAF and the roots of American airpower -- From Army Air Service to Air Force -- American airpower in the era of limited war -- Global reach, global power in the post-Cold War era -- Drone warfare -- The way forward.
|
| 520 |
|
|
|a The author argues that the United States government should end the independence of the air force and divide its assets and missions between the Army and the Navy.
|
| 588 |
|
|
|a Description based on print version record.
|
| 610 |
1 |
7 |
|a United States.
|b Air Force.
|2 fast
|0 (OCoLC)fst00538280
|
| 610 |
1 |
6 |
|a États-Unis.
|b Air Force
|x Reorganisation.
|
| 610 |
1 |
0 |
|a United States.
|b Air Force
|x History
|y 20th century.
|
| 610 |
1 |
0 |
|a United States.
|b Air Force
|x Reorganization.
|
| 651 |
|
7 |
|a United States.
|2 fast
|0 (OCoLC)fst01204155
|
| 651 |
|
0 |
|a United States
|x Military policy.
|
| 650 |
|
7 |
|a Organisationsförändringar.
|2 sao
|
| 650 |
|
7 |
|a Försvarspolitik.
|2 sao
|
| 650 |
|
7 |
|a Luftkrigsväsen
|x historia.
|2 sao
|
| 650 |
|
7 |
|a Military policy.
|2 fast
|0 (OCoLC)fst01021386
|
| 650 |
|
7 |
|a Air power.
|2 fast
|0 (OCoLC)fst00802495
|
| 650 |
|
7 |
|a Armed Forces
|x Reorganization.
|2 fast
|0 (OCoLC)fst01351884
|
| 650 |
|
6 |
|a Forces aeriennes
|z États-Unis.
|
| 650 |
|
0 |
|a Air power
|z United States.
|
| 655 |
|
7 |
|a History.
|2 fast
|0 (OCoLC)fst01411628
|
| 655 |
|
7 |
|a Electronic books.
|2 local
|
| 710 |
2 |
|
|a Project Muse.
|e distributor
|
| 830 |
|
0 |
|a Book collections on Project MUSE.
|
| 856 |
4 |
0 |
|z Texto completo
|u https://projectmuse.uam.elogim.com/book/28623/
|
| 945 |
|
|
|a Project MUSE - Custom Collection
|
| 945 |
|
|
|a Project MUSE - 2014 Political Science and Policy Studies
|
| 945 |
|
|
|a Project MUSE - 2014 Complete
|